000 00304nam a22001217a 4500
020 _a0596100078
082 _222
_a005.2762
100 _aRichards, Norman and Griffith, Sam.
245 _aJBOSS :
_ba developer's notebook /
260 _aNA
_bNA
_cc2005.
300 _axix, 149 p. ;
_bill. ;
942 _2ddc
_cIT
999 _c4247
_d4247